Statistics for Countries Visited 10 or More Times by a Sitting President

Click here to take the quiz!

General Stats

  • This quiz has been taken 41 times
  • The average score is 19 of 21

Answer Stats

Hint# of VisitsAnswer% Correct
South America13Brazil
100%
Asia13China
100%
Europe38France
100%
Europe22Germany
100%
Asia21Japan
100%
North America33Mexico
100%
Europe15Russia
100%
Europe19Belgium
98%
North America40Canada
98%
Europe31Italy
98%
Europe34United Kingdom
98%
Africa16Egypt
95%
Europe10Spain
95%
Europe10Poland
93%
Asia18South Korea
90%
North America10Panama
83%
Asia11Israel
78%
Europe21Vatican City
75%
Asia12Saudi Arabia
73%
Asia10Philippines
68%
Europe10West Germany
13%

Score Distribution

Percentile by Number Answered

Percent of People with Each Score

Your Score History

You have not taken this quiz